| 000 | 00632nam a22002057a 4500 | ||
|---|---|---|---|
| 999 |
_c7685 _d7685 |
||
| 003 | OSt | ||
| 005 | 20220214155739.0 | ||
| 008 | 220214b ||||| |||| 00| 0 eng d | ||
| 020 | _a9780230298774 | ||
| 040 | _cddc | ||
| 082 | _a338.9 NEW 2011 | ||
| 100 |
_aedited by Philip, Arestis : Malcolm ,Sawyer _915704 |
||
| 245 | _aNew economics as mainstream economics. | ||
| 260 |
_a New York : _b Palgrave Macmillan; _c 2011 |
||
| 300 |
_axi, 239 pages : _billustrations ; _c 23 cm |
||
| 504 | _aIncludes bibliographical references and index | ||
| 650 |
_aNeoliberalism. _95757 |
||
| 650 |
_aMacroeconomics. _97608 |
||
| 942 |
_2ddc _cBOOK |
||